000 00338nam a2200157Ia 4500
003 OSt
005 20231206063743.0
008 170524s9999 xx 000 0 und d
020 _a0-07-463166-7
040 _ciimt
100 _aHurlock
245 0 _aChild development
260 _bTata mcgraw hill
260 _c2004
942 _2ddc
_c02
999 _c7262
_d7262